[Event "AUTO-INT-361"]
[Site "http://www.queenalice.com/game.php?id=173903"]
[Date "2007.2.25"]
[Round "1"]
[White "llanes"]
[Black "Dickby"]
[Result "0-1"]
[WhiteElo "1511"]
[BlackElo "1632"]

1. e4 c5 2. c3 e6 3. d4 d5 4. e5 Qb6 5. Be3 Qxb2 6. Nd2 Nc6 7. Ne2 Nh6 8. Bxh6
gxh6 9. g3 cxd4 10. cxd4 Nb4 11. Bg2 Nc2+ 12. Kf1 Nxa1 13. Bf3 Qxa2 14. Kg2 Bb4
15. Qxa1 Qxa1 16. Rxa1 Bxd2 0-1

[Event "AUTO-INT-361"]
[Site "http://www.queenalice.com/game.php?id=173904"]
[Date "2007.2.25"]
[Round "1"]
[White "Dickby"]
[Black "llanes"]
[Result "1-0"]
[WhiteElo "1608"]
[BlackElo "1440"]

1. e4 e5 2. Bc4 Nf6 3. d4 Nxe4 4. dxe5 Bc5 5. Bxf7+ Ke7 6. Nh3 d6 7. Bd5 Bxh3 8.
Bxe4 Qf8 9. exd6+ cxd6 10. Bg5+ Ke8 11. Qe2 Bd7 12. Bd5+ 1-0

[Event "AUTO-INT-361"]
[Site "http://www.queenalice.com/game.php?id=173915"]
[Date "2007.2.25"]
[Round "1"]
[White "Dickby"]
[Black "doug_aquino"]
[Result "1-0"]
[WhiteElo "1692"]
[BlackElo "1617"]

1. e4 c6 2. c4 e5 3. Nf3 d6 4. d4 Bg4 5. d5 Nf6 6. Nc3 Nbd7 7. h3 Bxf3 8. Qxf3
Be7 9. Be2 O-O 10. Be3 Qa5 11. O-O Nc5 12. Rab1 Nfd7 13. b4 Qa3 14. bxc5 Qxc3
15. Qg3 g6 16. Rxb7 dxc5 17. Rxd7 Bd8 18. d6 Rb8 19. Rc1 Qa3 20. Bd1 Rb2 21.
Qxe5 Qxa2 22. Bh6 Rxf2 23. Qg7# 1-0

[Event "AUTO-INT-361"]
[Site "http://www.queenalice.com/game.php?id=173916"]
[Date "2007.2.25"]
[Round "1"]
[White "doug_aquino"]
[Black "Dickby"]
[Result "0-1"]
[WhiteElo "1610"]
[BlackElo "1748"]

1. e4 c5 2. c4 Nc6 3. Nf3 e5 4. Nc3 d6 5. a3 Nf6 6. Be2 Be7 7. d4 cxd4 8. Nd5
Nxe4 9. b4 O-O 10. b5 Na5 11. Qa4 b6 12. Bd3 Nc5 13. Qc2 f5 14. Nxe7+ Qxe7 15.
O-O e4 16. Bxe4 fxe4 17. Nxd4 Qf7 18. Bd2 Nxc4 19. Bc3 Bd7 20. f4 Ne3 21. Qf2
Nxf1 22. Rxf1 Nd3 23. Qg3 Ne5 24. h4 Qg6 25. Qh2 Rac8 26. Ba1 Nf3+ 27. Nxf3 exf3
28. Rxf3 Rc1+ 29. Kf2 Rxa1 30. Rg3 Rxf4+ 0-1

[Event "Challenge"]
[Site "http://www.queenalice.com/game.php?id=175243"]
[Date "2007.2.28"]
[Round "-"]
[White "Lauermann"]
[Black "Dickby"]
[Result "0-1"]
[WhiteElo "1612"]
[BlackElo "1649"]

1. e3 g6 2. g3 Nc6 3. Bc4 d5 4. Bf1 Nf6 5. b3 e5 6. Bb2 Bd6 7. Qe2 Bg4 8. f3 Bf5
9. g4 Bxc2 10. g5 Nd7 11. Nc3 Nb4 12. Qg2 Nc5 13. Bb5+ c6 14. Be2 Nbd3+ 15. Kf1
Nxb2 16. a4 d4 17. exd4 exd4 18. Ne4 d3 19. Nc3 Nxb3 20. Ra2 Nxd2+ 21. Ke1 Ndc4
22. Bxd3 Nxd3+ 23. Kf1 Ne3+ 24. Ke2 Nf4+ 25. Kxe3 Nxg2+ 26. Kd2 Bb3 27. Rb2 Bb4+
28. Ke2 Nf4+ 29. Kf2 Qd4+ 30. Kg3 Nh5+ 31. Kh3 Be6+ 32. Kg2 Bxc3 33. Rxb7 Qd2+
0-1

[Event "Challenge_2"]
[Site "http://www.queenalice.com/game.php?id=175580"]
[Date "2007.3.1"]
[Round "-"]
[White "KEpstein"]
[Black "Dickby"]
[Result "0-1"]
[WhiteElo "1328"]
[BlackElo "1625"]

1. e4 c5 2. c4 e6 3. Nc3 Nc6 4. d3 Nf6 5. h3 d5 6. cxd5 exd5 7. exd5 Nxd5 8. g4
Be7 9. Bg2 Ndb4 10. Bf1 Nd4 11. Bg2 Ndc2+ 12. Kf1 Nxa1 13. Nf3 O-O 14. Ne1 c4
15. d4 f5 16. g5 f4 17. Be4 Bf5 18. Bxb7 Rb8 19. Ba6 Nxa6 20. Qa4 Qc8 21. Bxf4
Bxh3+ 22. Ng2 Bxg2+ 23. Kxg2 Rxf4 24. Nd5 Qg4+ 25. Kf1 Rxf2+ 26. Kxf2 Rxb2+ 27.
Kf1 Qe2+ 0-1

[Event "Challenge"]
[Site "http://www.queenalice.com/game.php?id=175689"]
[Date "2007.3.1"]
[Round "-"]
[White "Admilton"]
[Black "Dickby"]
[Result "0-1"]
[WhiteElo "1435"]
[BlackElo "1589"]

1. e4 c5 2. Bc4 e6 3. Nf3 Nc6 4. c3 d5 5. Bb5 dxe4 6. Bxc6+ bxc6 7. Ne5 Bd6 8.
Nxc6 Qc7 9. Qg4 f5 10. Qh5+ g6 11. Qh3 Qxc6 12. c4 Nf6 13. Qc3 O-O 14. Na3 Bb7
15. Nc2 Ng4 16. h3 Ne5 17. d4 exd3 18. Ne3 f4 19. Ng4 Qxg2 20. Rh2 Nf3+ 21. Kd1
Qf1+ 0-1

[Event "Vayamos"]
[Site "http://www.queenalice.com/game.php?id=190679"]
[Date "2007.4.1"]
[Round "-"]
[White "saraquette"]
[Black "Dickby"]
[Result "0-1"]
[WhiteElo "1819"]
[BlackElo "1758"]

1. d4 Nf6 2. Nf3 g6 3. h3 Bg7 4. Bf4 c5 5. c3 O-O 6. e3 d6 7. Bd3 Nd5 8. Bg3
cxd4 9. exd4 Qb6 10. Qd2 f5 11. O-O Nd7 12. Re1 N7f6 13. a3 Ne4 14. Bxe4 fxe4
15. Rxe4 Bxh3 16. gxh3 Rxf3 17. Qe2 Raf8 18. Qc4 Qc6 19. Qe2 Qd7 20. Kg2 e5 21.
dxe5 Bxe5 22. Nd2 R3f7 23. Rf1 Bxg3 24. fxg3 Rxf1 25. Nxf1 Nf6 26. Re7 Qc6+ 27.
Kh2 Nd5 28. Re4 Nf6 29. Rd4 Re8 30. Qd2 Qf3 31. Rf4 Re2+ 32. Qxe2 Qxe2+ 33. Kg1
Ne4 34. c4 Ng5 0-1

[Event "Challenge"]
[Site "http://www.queenalice.com/game.php?id=190981"]
[Date "2007.4.3"]
[Round "-"]
[White "Dickby"]
[Black "ketchuplover"]
[Result "1-0"]
[WhiteElo "1776"]
[BlackElo "1743"]

1. d4 Nf6 2. c4 b6 3. Nf3 Bb7 4. Nc3 e6 5. a3 Be7 6. d5 O-O 7. g3 Re8 8. Bg2
exd5 9. cxd5 d6 10. O-O c6 11. dxc6 Bxc6 12. Re1 Nbd7 13. b4 a6 14. e4 Rc8 15.
Nd5 h6 16. Bb2 Bf8 17. Nd4 Bxd5 18. exd5 Nb8 19. Nc6 Nxc6 20. dxc6 d5 21. Rxe8
Qxe8 22. Bxf6 gxf6 23. Bxd5 Rxc6 24. Bxc6 Qxc6 25. Rc1 Qb7 26. Qd8 Kg7 27. Rc8
1-0

[Event "Step over the MasonDixon Line"]
[Site "http://www.queenalice.com/game.php?id=194837"]
[Date "2007.4.10"]
[Round "-"]
[White "Dickby"]
[Black "pawn_buzzard"]
[Result "1-0"]
[WhiteElo "1719"]
[BlackElo "1789"]

1. d4 Nf6 2. c4 g6 3. Nc3 Bg7 4. e4 d6 5. h3 c6 6. Nf3 O-O 7. Bd3 Nh5 8. Be3 Qa5
9. O-O Bxh3 10. gxh3 c5 11. d5 Bxc3 12. bxc3 Qxc3 13. Rc1 Qa5 14. a4 Qc7 15. Bh6
Qd7 16. Kh2 Re8 17. Rg1 f6 18. Nh4 Kf7 19. e5 dxe5 20. Bxg6+ hxg6 21. Qxh5 Rg8
22. Rxg6 e6 23. Rg7+ Kf8 24. Rxd7+ 1-0

[Event "Challenge"]
[Site "http://www.queenalice.com/game.php?id=213338"]
[Date "2007.5.19"]
[Round "-"]
[White "Mike36bh"]
[Black "Dickby"]
[Result "1-0"]
[WhiteElo "1701"]
[BlackElo "1791"]

1. d4 Nf6 2. Nc3 g6 3. Bf4 d5 4. Nf3 Bg7 5. e3 O-O 6. h3 c5 7. dxc5 Nbd7 8. b4
a5 9. a3 Nh5 10. Nxd5 Nxf4 11. Nxf4 Bc3+ 12. Nd2 axb4 13. Ra2 Nxc5 14. Bc4 Ne4
15. Bd3 Bxd2+ 16. Kf1 Nc3 17. Qxd2 Nxa2 18. axb4 e5 19. c3 exf4 20. exf4 Bf5 21.
Bc4 Qxd2 22. Kg1 1-0

[Event "AUTO-INT-361"]
[Site "http://www.queenalice.com/game.php?id=218633"]
[Date "2007.5.31"]
[Round "2"]
[White "Dickby"]
[Black "SGF"]
[Result "1-0"]
[WhiteElo "1771"]
[BlackElo "1713"]

1. d4 e6 2. c4 Qf6 3. Nc3 Nc6 4. Nf3 Nh6 5. c5 d6 6. Bg5 Qf5 7. e4 Qg6 8. d5
exd5 9. Nxd5 Qxe4+ 10. Be2 Ng4 11. Nxc7+ Kd7 12. Nxa8 Qb4+ 13. Qd2 Qxc5 14. O-O
h6 15. Rac1 Qa5 16. Rxc6 Qxd2 17. Rc7+ Ke6 18. Bxd2 Be7 19. Bc3 Bd7 20. Bc4+ d5
21. Re1+ Kd6 22. Bb4# 1-0

[Event "AUTO-INT-361"]
[Site "http://www.queenalice.com/game.php?id=218634"]
[Date "2007.5.31"]
[Round "2"]
[White "SGF"]
[Black "Dickby"]
[Result "0-1"]
[WhiteElo "1699"]
[BlackElo "1785"]

1. e4 c5 2. Bc4 e6 3. Nf3 Nc6 4. c3 d5 5. exd5 exd5 6. Qe2+ Be7 7. Bb5 Nf6 8.
Ne5 Qb6 9. Nxc6 bxc6 10. Bd3 O-O 11. Qxe7 Re8 12. Qxe8+ Nxe8 13. Be2 Nf6 14. f3
Ba6 15. a4 Re8 16. d3 Bxd3 17. Kd2 Bxe2 18. Re1 Qa6 19. Kc2 Qd3+ 20. Kb3 Rb8+
21. Ka2 Qc4+ 22. b3 Qxb3# 0-1

[Event "AUTO-INT-361"]
[Site "http://www.queenalice.com/game.php?id=218635"]
[Date "2007.5.31"]
[Round "2"]
[White "Dickby"]
[Black "rom"]
[Result "1-0"]
[WhiteElo "1805"]
[BlackElo "1558"]

1. d4 d5 2. c4 dxc4 3. Nf3 Nf6 4. e3 b5 5. a4 c6 6. axb5 cxb5 7. Nc3 a6 8. Nxb5
Bg4 9. Nc3 Bxf3 10. Qxf3 Ra7 11. Bxc4 e6 12. O-O Bb4 13. Ne4 Nxe4 14. Qxe4 O-O
15. d5 exd5 16. Bxd5 a5 17. Rd1 Re8 18. Bxf7+ Kxf7 19. Qc4+ Kf8 20. Rxd8 Rxd8
21. g3 Rd1+ 22. Kg2 Rd8 23. b3 Nd7 24. Ba3 Bxa3 25. Rxa3 Raa8 26. Qf4+ Nf6 27.
Rxa5 Rxa5 28. Qb4+ Kf7 29. Qxa5 Rd5 30. Qc7+ Kg6 31. b4 h5 32. Qc2+ Kg5 33. e4
Rd4 34. f3 Rxb4 35. Qd2+ Kg6 36. Qxb4 Kh6 37. e5 Nd5 38. Qd2+ g5 39. Qxd5 h4 40.
e6 Kh5 41. e7 hxg3 42. e8=Q+ Kh6 43. Qf8+ Kh5 44. Qdf7+ Kh4 45. Qh6# 1-0

[Event "AUTO-INT-361"]
[Site "http://www.queenalice.com/game.php?id=218636"]
[Date "2007.5.31"]
[Round "2"]
[White "rom"]
[Black "Dickby"]
[Result "1-0"]
[WhiteElo "1566"]
[BlackElo "1825"]

1. e4 c5 2. Bc4 e6 3. Nf3 Nc6 4. Nc3 a6 5. a4 Qc7 6. O-O Nf6 7. g3 Be7 8. d3 O-O
9. h3 d6 10. g4 Nd7 11. g5 Nde5 12. Nxe5 Nxe5 13. Bf4 Nxc4 14. dxc4 e5 15. Nd5
Qd8 16. Nxe7+ Qxe7 17. Be3 Bxh3 18. f4 Bxf1 19. Qxf1 exf4 20. Qxf4 Rae8 21. Rf1
Qxe4 22. Qxe4 Rxe4 23. Bf4 Rxc4 24. Bxd6 Rd8 25. Be7 Rd5 26. g6 Rg4+ 27. Kf2
hxg6 28. Kf3 Rxa4 29. b3 Rf5+ 30. Kg2 Rg4+ 31. Kh3 Rxf1 32. Kxg4 f5+ 33. Kg3 Rc1
34. c4 b6 35. b4 cxb4 36. Bxb4 Rxc4 37. Bd6 a5 38. Kf3 b5 39. Ke3 g5 40. Kd3 Kf7
41. Be5 a4 42. Bd6 Ke6 43. Bg3 f4 44. Bf2 a3 45. Bd4 Rxd4+ 46. Kxd4 a2 47. Kc5
a1=Q 48. Kxb5 Kd5 49. Kb6 Qe1 50. Kb5 Qb1+ 51. Ka6 Kc6 52. Ka5 1-0

[Event "AUTO-INT-361"]
[Site "http://www.queenalice.com/game.php?id=218637"]
[Date "2007.5.31"]
[Round "2"]
[White "Dickby"]
[Black "cecel"]
[Result "1-0"]
[WhiteElo "1798"]
[BlackElo "1563"]

1. d4 Nf6 2. c4 g6 3. Nc3 Bg7 4. e4 O-O 5. Nf3 d6 6. Be2 Bg4 7. O-O h6 8. h3
Bxh3 9. gxh3 b6 10. e5 Re8 11. exf6 exf6 12. Re1 Nc6 13. Bf4 g5 14. Be3 Qd7 15.
Kh2 g4 16. hxg4 Qxg4 17. Rg1 Qh5+ 18. Kg2 Qg4+ 19. Kh1 Qh3+ 20. Nh2 Ne7 21. Bg4
Qh4 22. Bd7 Red8 23. Rg4 1-0

[Event "AUTO-INT-361"]
[Site "http://www.queenalice.com/game.php?id=218638"]
[Date "2007.5.31"]
[Round "2"]
[White "cecel"]
[Black "Dickby"]
[Result "0-1"]
[WhiteElo "1389"]
[BlackElo "1811"]

1. e4 c5 2. d4 cxd4 3. Qxd4 Nc6 4. Qd1 Nf6 5. Bc4 Nxe4 6. Qd5 Qa5+ 7. Nc3 Qxd5
8. Nxd5 Kd8 9. Nf3 e6 10. Nf4 d5 11. Bb5 Bc5 12. Nd3 Nd4 13. Nxd4 Bxd4 14. O-O
Bd7 15. Bxd7 Kxd7 16. c3 Bb6 17. Be3 Bxe3 18. fxe3 f5 19. Ne5+ Ke7 20. c4 dxc4
21. Rac1 Nd2 22. Rfd1 Rhd8 23. a4 Rac8 24. Nxc4 Nxc4 25. Rxd8 Kxd8 26. Rd1+ Ke7
27. Rc1 Nd6 28. Rd1 Rc2 29. h4 Nc4 0-1

[Event "Challenge"]
[Site "http://www.queenalice.com/game.php?id=248336"]
[Date "2007.7.30"]
[Round "-"]
[White "cristal_negro"]
[Black "Dickby"]
[Result "0-1"]
[WhiteElo "1707"]
[BlackElo "1813"]

1. Nf3 Nf6 2. e3 d5 3. Be2 Nbd7 4. b3 e5 5. Bb2 Bd6 6. O-O O-O 7. d4 Re8 8. Nbd2
e4 9. Nh4 Nf8 10. c4 g5 11. Ng6 Nxg6 12. c5 Bf8 13. b4 Bg7 14. Bh5 Nxh5 15. Qxh5
Qe7 16. Rfe1 a5 17. f3 axb4 18. fxe4 dxe4 19. Nf1 Be6 20. Ng3 Bxa2 21. Nf5 Qf6
22. Rf1 Nf4 23. Qg4 h5 24. Qd1 Qxf5 25. exf4 Bc4 26. Rxa8 Rxa8 27. Rf2 e3 28.
Rf3 gxf4 29. Qe1 Qc2 30. Rxf4 Bd5 31. Qg3 Ra1+ 32. Bxa1 b3 33. Qg5 e2 34. h3
e1=Q+ 35. Rf1 Qe3+ 36. Qxe3 Qxg2# 0-1